| 000 | 00542nam a2200217 454500 | ||
|---|---|---|---|
| 001 | 036758 | ||
| 003 | BD-ChCU | ||
| 008 | Eng | ||
| 020 | _a8120402049 | ||
| 040 |
_aDLC _cDLC _dBD-ChCU |
||
| 082 | 0 | 0 | _a519.5/R141s |
| 100 | 1 |
_aRaghavarao, Damaraju _bx |
|
| 245 | 1 | 0 |
_aStatistical techniques in agricultural and biological research _bx |
| 250 | _ax | ||
| 260 |
_aNew Delhi _bOxford and IBH pub. _c1983 |
||
| 300 | _axi, 364 | ||
| 504 | _ax | ||
| 650 | 0 |
_aMathematical Statistics _bAgriculture |
|
| 700 | 1 | _ax | |
| 942 |
_2ddc _cBK |
||
| 999 |
_c36758 _d36758 |
||